000 00532nam a2200169 i 4500
001 47376
003 ES-MaACL
005 20250620063014.0
007 t|
008 030407s1959 sp ||||1| spa d
100 1 _aCorbera Fradera, Carolina,
_d1926-1979
_940459
245 1 0 _aMadrid de mis ensueños /
_cCarolina Corbera Fradera ; ilustraciones de la autora.
260 _aMadrid :
_bLincor,
_c1959 (
_fUguina)
300 _a178 p., 11 lám. ;
_c24 cm.
852 _aES-MaACL
_jC-16935
_bR.44982
999 _c47376
_d47376